Language Quiz

Random Language Quiz

Rhymes With Liquor Quiz Stats

Quiz not verified by Sporcle

Also try: Rhymes With Jumble
Challenge
Share
Tweet
Score 0/20 Timer 03:00
0 Plays Today
% Correct
BICKER
98.6%
PICKER
97.4%
WICKER
97.4%
LICKER
95.7%
TICKER
95.3%
SICKER
95%
SLICKER
94.9%
STICKER
94.4%
FLICKER
93.9%
NICKER
93.5%
% Correct
DICKER
93.3%
TRICKER
90.2%
CLICKER
89.4%
QUICKER
89.4%
SNICKER
89%
PRICKER
87.3%
THICKER
82.6%
KICKER
81.7%
VICAR
61.5%
WHICKER
58.2%

You're not logged in!

Compare scores with friends on all Sporcle quizzes.
Join for Free
OR
Log In

You Might Also Like...

Show Comments

Extras

Top Quizzes Today


Score Distribution

Your Account Isn't Verified!

In order to create a playlist on Sporcle, you need to verify the email address you used during registration. Go to your Sporcle Settings to finish the process.

Report this User

Report this user for behavior that violates our Community Guidelines.

Details: